000 00905cam a2200229 4500
001 WB3702-02
008 000000n2001 000 0 eng u
035 _a(Sirsi) u110297
245 _aQuality mark discount shunned
260 _c2001
490 _aBuilding
_v266(1) 5 January 2001, 9(1)
520 _aDETR attempt to save the flagging anti-cowboy-builder initiative by offering a £350 registration discount to small builders is rejected by contractors in the pilot areas of Birmingham and Somerset. To obtain the discount, firms must apply before 16 February, but to date only two firms have joined the Birmingham pilot and none in Somerset.
590 _aWB
650 _aREGISTRATION SCHEME
650 _aQUALITY MARKED BUILDERS
650 _aDETR
650 _aCOWBOY BUILDERS
650 _aCONTRACTORS
650 _aQUALITY STANDARDS
690 _aBUILT ENVIRONMENT
942 _n0
999 _c65773
_d65773